Tópicos coloniales en torno a Guanabacoa / (Record no. 41663)

MARC details
000 -LEADER
campo de control de longitud fija 00823nam a2200217 i 4500
001 - NÚMERO DE CONTROL
campo de control 41663
003 - IDENTIFICADOR DE NÚMERO DE CONTROL
campo de control ES-MaACL
005 - FECHA Y HORA DE LA ÚLTIMA TRANSACCIÓN
campo de control 20250902063053.0
007 - CAMPO FIJO DE DESCRIPCIÓN FÍSICA--INFORMACIÓN GENERAL
campo de control de longitud fija t|
008 - DATOS DE LONGITUD FIJA--INFORMACIÓN GENERAL
campo de control de longitud fija 030311s1936 cu ||||1| spa d
100 1# - ENTRADA PRINCIPAL--NOMBRE DE PERSONA
Nombre de persona Castellanos G., Gerardo,
Fechas asociadas al nombre 1879-1956
9 (RLIN) 36523
245 10 - MENCIÓN DEL TÍTULO
Título Tópicos coloniales en torno a Guanabacoa /
Mención de responsabilidad, etc. discursos leídos en la recepción pública de Gerardo Castellanos ; contesta en nombre de la corporación René Lufríu y Alonso.
260 ## - PUBLICACIÓN, DISTRIBUCIÓN, ETC.
Lugar de publicación, distribución, etc. La Habana :
Nombre del editor, distribuidor, etc. El Siglo XX,
Fecha de publicación, distribución, etc. 1936.
300 ## - DESCRIPCIÓN FÍSICA
Extensión 132 p. ;
Dimensiones 25 cm.
500 ## - NOTA GENERAL
Nota general Precede al tít.: Academia de la Historia de Cuba.
651 #4 - PUNTO DE ACCESO ADICIONAL DE MATERIA--NOMBRE GEOGRÁFICO
Nombre geográfico Guanabacoa-
Subdivisión general Historia.
9 (RLIN) 158596
700 1# - ENTRADA AGREGADA--NOMBRE PERSONAL
Nombre de persona Lufríu y Alonso, René.
9 (RLIN) 158595
710 2# - ENTRADA AGREGADA--NOMBRE DE ENTIDAD CORPORATIVA
Nombre de entidad corporativa o nombre de jurisdicción como elemento de entrada Academia de la Historia de Cuba.
9 (RLIN) 1183
852 ## - LOCALIZACIÓN
Ubicación ES-MaACL
Número de control de estantería 1817-F-12
Holdings
Estatus retirado Estado de pérdida Estado de daño No para préstamo Colección Biblioteca de origen Biblioteca actual Ubicación en estantería Fecha de adquisición Fuente de adquisición Total de préstamos Signatura topográfica completa Código de barras Visto por última vez Precio de reemplazo Tipo de ítem Koha
        Colección de folletos Biblioteca del Ateneo de Madrid Biblioteca del Ateneo de Madrid Depósito folletos 17/01/2008     1817-F-12 1043858 23/02/2023 23/02/2023 Folleto